Countries With Land On and Above the Equator - Statistics

General Stats
  • This quiz has been taken 12 times
  • The average score is 103 of 162
Answer Stats
Countries % Correct
Belarus
89%
Canada
89%
United Statesof America
89%
Afghanistan
78%
Albania
78%
Algeria
78%
Andorra
78%
Antigua andBarbuda
78%
Armenia
78%
Austria
78%
Azerbaijan
78%
Bahamas
78%
Bahrain
78%
Barbados
78%
Belize
78%
Bhutan
78%
China
78%
Colombia
78%
Cuba
78%
El Salvador
78%
Ethiopia
78%
Grenada
78%
Guinea
78%
Guinea-Bissau
78%
Haiti
78%
Iceland
78%
Ireland
78%
Italy
78%
Jamaica
78%
Libya
78%
Liechtenstein
78%
Luxembourg
78%
Mauritania
78%
Panama
78%
Russia
78%
Saint Kittsand Nevis
78%
Saint Lucia
78%
Saint Vincent andthe Grenadines
78%
San Marino
78%
Sudan
78%
Suriname
78%
United Kingdom
78%
Vatican City
78%
Venezuela
78%
Bangladesh
67%
Belgium
67%
Cameroon
67%
Central AfricanRepublic
67%
Costa Rica
67%
Cyprus
67%
Democratic Republicof the Congo
67%
Denmark
67%
Djibouti
67%
Dominica
67%
Dominican Republic
67%
Ecuador
67%
Egypt
67%
Equatorial Guinea
67%
Eritrea
67%
Finland
67%
Gabon
67%
Georgia
67%
Germany
67%
Guyana
67%
Honduras
67%
Hungary
67%
India
67%
Iran
67%
Iraq
67%
Israel
67%
Jordan
67%
Kazakhstan
67%
Kosovo
67%
Kuwait
67%
Kyrgyzstan
67%
Mali
67%
Malta
67%
Mexico
67%
Monaco
67%
Nepal
67%
Netherlands
67%
Nicaragua
67%
Niger
67%
Nigeria
67%
North Korea
67%
Norway
67%
Oman
67%
Sao Tome andPrincipe
67%
Saudi Arabia
67%
Senegal
67%
Slovakia
67%
Slovenia
67%
Somalia
67%
South Korea
67%
South Sudan
67%
Spain
67%
Sweden
67%
Tajikistan
67%
Trinidad andTobago
67%
Tunisia
67%
Turkmenistan
67%
Benin
56%
Brazil
56%
Bulgaria
56%
Cambodia
56%
Cape Verde
56%
Chad
56%
Croatia
56%
Czech Republic
56%
Estonia
56%
France
56%
Gambia
56%
Ghana
56%
Greece
56%
Guatemala
56%
Indonesia
56%
Ivory Coast
56%
Japan
56%
Laos
56%
Latvia
56%
Liberia
56%
Lithuania
56%
Malaysia
56%
Maldives
56%
Moldova
56%
Mongolia
56%
Morocco
56%
North Macedonia
56%
Pakistan
56%
Portugal
56%
Qatar
56%
Republic ofthe Congo
56%
Romania
56%
Serbia
56%
Thailand
56%
Turkey
56%
Ukraine
56%
Uzbekistan
56%
Vietnam
56%
Yemen
56%
Bosnia andHerzegovina
44%
Brunei
44%
Kenya
44%
Lebanon
44%
Montenegro
44%
Myanmar
44%
Philippines
44%
Poland
44%
Sierra Leone
44%
Sri lanka
44%
Switzerland
44%
Syria
44%
Taiwan
44%
Togo
44%
Uganda
44%
Burkina Faso
33%
Federated Statesof Micronesia
33%
Palau
33%
Singapore
33%
United ArabEmirates
33%
Kiribati
22%
Marshall Islands
11%
No matching quizzes found
Score Distribution
Percent of People with Each Score
Percentile by Number Answered
Your Score History
You have not taken this quiz